000 00379nam a22001217a 4500
008 131210b xxu||||| |||| 00| 0 eng d
050 _aBX1378.5.A64 2004
100 _aShore, Allen Lena
_95483
245 _aBuilding Bridges
_bPope John II and The Horizion of Life
_cAllen Lena Shore
260 _aOttawa
_bNovalis
_c2004
300 _axiii, 334p. ;
_c21cm
942 _2lcc
_cMONOGRAPH
999 _c119193
_d119193